000 00838nam a2200277 a 4500
008
020 _a0390416460
049 _aMAIN
090 _aGN280.7
_bMAN
100 1 _aHarrison, Richard John.
245 0 0 _aMan /
_c[by] Richard J. Harrison [and] William Montagna.
260 _aNew York :
_bAppleton-Century-Crofts,
_cc1969.
300 _aviii, 387 p. :
_bill. ;
_c24 cm.
504 _aIncludes bibliographical references.
500 _aIncludes Index
650 0 _aHuman beings.
650 0 _aPrimates.
650 2 _aAnatomy, Comparative
_xpopular works
650 2 _aPhysiology, Comparative
_xpopular works
700 1 _aMontagna, William.
907 _a.b10078277
_b20-03-12
_c19-06-03
003
005 20230123133302.0
040 _cNUST
942 _cBOOKS
_kGN280.7
_mMAN
999 _c145962
_d145962